00591cam a22002051 450000100060000000300080000600500170001400800410003103500140007203500190008604000290010504100080013404200120014208200270015410000320018124500710021326000440028430000370032865000200036514710BD-RjUL20211208235657.0190418s1949 maua 000 0 eng  a(BD-RjUL) a(OCoLC)1652626 aDLCcFMdOCoLCdDLCbeng aeng apremarc a658.4013223bJAC 19491 aJackson, Jacob Hugh,d1891-14aThe comptroller: his functions and organization./cJ. Hugh Jackson aCambridge:bHarvard Univ. Press,c1949. aviii, 97 p. :bdiagrs. ;c22 cm. 0aControllership.